Lunita llena dormida en mi huerto

Saved in:
Bibliografiske detaljer
Institution som forfatter: Talleres Literarios Infantiles de Temuco (Author)
Format: Bog
Sprog:spansk
Udgivet: Santiago Fundación Andes 1991
Santiago Pehuén 1991
Fag:
Tags: Tilføj Tag
Ingen Tags, Vær først til at tagge denne postø!

MARC

LEADER 00000nam a2200000 a 4500
001 UCL4956
003 CL-VaPUC
008 040227e19910000cl |||||||||||||||||spa|d
020 |a 9561602333 
082 0 4 |a 808.0681  |b TAL  |2 21 
110 2 |a Talleres Literarios Infantiles de Temuco  |e author  |9 482687 
245 1 0 |a Lunita llena dormida en mi huerto 
300 |a 68 p 
942 |c BK 
945 |d 20040227 00:00:00  |a cmena 
260 |a Santiago  |b Fundación Andes  |c 1991 
260 |a Santiago  |b Pehuén  |c 1991 
650 0 |a Literatura infantil   |9 307465 
650 0 |a Poesías chilenas   |9 265280 
583 |a last modification  |c 20171011 01:11:36  |k Rodrigo Vera 
999 |c 307703  |d 307701 
952 |0 0  |1 0  |4 0  |6 808_068100000000000_TAL_1991_1991  |7 0  |8 A  |9 373770  |a BIBEDU  |b BIBEDU  |d 2019-11-21  |i 398656K  |o 808.0681 TAL 1991 1991  |p 398656K  |r 2019-11-21  |w 2019-11-21  |y BK  |k PAR